Musset.

Αποθηκεύτηκε σε:
Λεπτομέρειες βιβλιογραφικής εγγραφής
Κύριος συγγραφέας: Tieghem, Philippe van, 1898-
Μορφή: Βιβλίο
Γλώσσα:French
Έκδοση: Paris : Hatier, 1944.
Έκδοση:Nouvelle ed.
Σειρά:Connaissance des lettres ; 17
Θέματα:
LEADER 00747nam a22002171 4500
001 c000371121
003 CARM
005 00000000000000.0
008 851211s1944 fr 1 fre d
019 1 |a 4183159  |5 LACONCORD2021 
035 |a (OCoLC)153647829  |5 LACONCORD2021 
100 1 |a Tieghem, Philippe van,  |d 1898- 
245 1 0 |a Musset. 
250 |a Nouvelle ed. 
260 |a Paris :  |b Hatier,  |c 1944. 
490 0 |a Connaissance des lettres ;  |v 17 
600 1 0 |a Musset, Alfred de,  |d 1810-1857, 
852 8 |b CARM  |h A1:AP18A0  |i A04185  |p 0348353  |f BK 
082 0 4 |a 843.7 
999 f f |i 4add8957-d5d7-5dbb-9668-0448683120cf  |s a86ad638-b7d8-5b46-9a41-679edb6a4c8e 
952 f f |p Can circulate  |a CAVAL  |b CAVAL  |c CAVAL  |d CARM 1 Store  |e A04185  |f A1:AP18A0  |h Other scheme  |i book  |m 0348353